| 000 | 004440000a22001810004500 | ||
|---|---|---|---|
| 060 | _a100 | ||
| 082 | _a510 JOH.01 | ||
| 100 | _aAbraham, S. | ||
| 100 | _aJohn, C.T. | ||
| 100 | _aKochummen, C. | ||
| 245 | _aText book of mathematics, Vol I: Algebra and Trigonometry | ||
| 250 | _a3 | ||
| 260 | _aChanganacherry, St Marys Book Depot | ||
| 260 | _c1967 | ||
| 300 | _a448 | ||
| 650 | _aMathematics/ Algebra/ Trigonometry | ||
| 942 | _cBK | ||
| 999 |
_c357724 _d357724 |
||